MDQL
is popping MORE tags! Check the
thread
!
Quizzes
Events
Quiz Creation
Community
Videos
Private Events
Remove Ads
Sign In
Join for FREE
Feedback
Dark Mode
Quiz Categories
Sports
Geography
Music
Movies
Television
Just For Fun
Miscellaneous
History
Literature
Language
Science
Gaming
Entertainment
Religion
Holiday
For Kids
Quiz Lab
Recent
Popular Today
Quiz Kudos Today
Editor Picks
Curator Picks
Quizzes by...
Day
Popularity
Type
Ratings
Length
Year
Community
Subscriptions
Recent Discussions
Orange Saloon
Badges
Playlists
Quests
Create
Leaderboards
Showdown
Live 5
Trivia Bingo
Activity
Puzzle Library
Sporcle Events
Private Events
Virtual Trivia
Globe League
Become a Host
Pub Owners
SporcleCon
Opinionation
Our Games
Videos
Blog
Mobile Apps
Partnerships
Remove Ads and Go Orange
Feedback
Sports
Athletes
MLB
NBA
NHL
NFL
Soccer
Sports Teams
WWE
NCAA
Football
Premier League
Basketball
Baseball
Hockey
Golf
Tennis
Cricket
Rugby
Auto Racing
Olympics
World Cup
Sports
Athletes
MLB
NBA
NHL
NFL
Soccer
Sports Teams
WWE
NCAA
Football
Premier League
Basketball
Baseball
Hockey
Golf
Tennis
Cricket
Rugby
Auto Racing
Olympics
World Cup
Random Quiz
Search Sporcle
×
Quiz Lab
Quiz Lab
Sports
map
Type in answers that appear in a list
Type in answers that appear in a list
Classic
Best Score? Go Orange.
UEFA Champions League Winners (map) Stats
Can you name the winners of the Champions League based on their locations?
By
Tabasco
3m
21 Questions
1,860 Plays
1,860 Plays
1,860 Plays
Comments
Comments
Give Quiz Kudos
Give Quiz Kudos
-
- Ratings
hide this ad
Forced Order
Answers have to be entered in order
Answers have to be entered in order
Replay
Link that replays current quiz
Next Quiz
Link to next quiz in quiz playlist
You Got
0%
They Got
Avg Score
80%
Avg Friend Score
Upgrade to see
Score Distribution
Jump to the score distribution portion of the page
Score
0/21
Timer
03:00
0
Plays Today
#
Team
% Correct
2
Liverpool
95.9%
3
Manchester United
94%
1
Celtic
91.6%
6
Ajax
88.2%
12
Milan
86.7%
13
Internazionale
85.8%
11
Bayern Munich
84.9%
16
Barcelona
84.8%
17
Real Madrid
84.6%
14
Juventus
84.2%
18
Porto
81.7%
#
Team
% Correct
15
Olympique Marseille
79.4%
8
PSV Eindhoven
78.6%
19
Benfica
78.2%
10
Borussia Dortmund
77.7%
4
Aston Villa
73.4%
5
Nottingham Forest
73.3%
7
Feyenoord
73.2%
9
Hamburg
71.9%
20
Red Star Belgrade
65.3%
21
Steaua Bucharest
55.4%
Quiz Playlist
Details
Report
Send in Message
Add To Playlist
Classic:
Type in answers that appear in a list
Forced Order:
Answers have to be entered in order
Quiz Source
Last Updated: Sep 5, 2017
Quiz Scoreboard
CHALLENGE
Sign Up to Join the Scoreboard
Show All
Scores
Hide
Comments
May contain spoilers
Recently Published
Holiday 10x10 Sorting Gallery
by lukepisani3
Holiday
15m
Two Season TV Shows II
by 123Four
Television
10m
Image Sorting: Flags VI
by Barbecue
Geography
2m
More to Explore
Quiz From the Vault
Featured Blog Post
14 Easter Pick-up Lines to Find Eggs With
hide this ad
You Might Also Like...
Tags
map
UEFA Champions' League
Today's Top Quizzes in Sports
Browse Sports
hide this ad
Today's Top Quizzes in map
Browse map
Top Contributed Quizzes in Sports
1
Les meilleurs buteurs des matchs entre le PSG et l’OM
2
Les entraîneurs de l'OM et du PSG au 21e siècle
3
2022 World Cup Stars
4
Les joueurs passés par le PSG et l'OM
5
Players with Multiple 50 Home Run Seasons
6
FIFA Club World Cup Champions
7
Criteria MLB: Left Handed Sluggers
8
Les joueurs passés par le LOSC et le RC Lens
9
Top 10 NHL Goal Scorers of All Time
10
NBA Logic Puzzle 2.0
Explore More
Trending Topics
Harry Potter
Disney
Kpop
NBA
Marvel
Anime
Crossword
The Office
Soccer
NFL
Puzzle
Country
Song
WWE
Pokémon
hide this ad
More By:
Tabasco
Quiz
Plays
Rating
Category
Featured
Created
Rivers of Europe
111,443
4.35
Geography
Jan 31, 2011
Rivers and Lakes of Africa
39,454
4.55
Geography
Nov 14, 2011
Largest Cities in the EU (1050-1800)
13,788
4.37
History
Mar 2, 2010
Largest cities Netherlands (1500-2000)
8,587
4.50
History
Apr 2, 2010
Rivers And Lakes Of Asia (map)
5,157
4.51
Geography
Nov 7, 2011
Go to Creator's Profile
Score Distribution
Quiz Creator Spotlight
Tabasco
Follow
Send a Message
Quizzes Created
-
Created Quiz Play Count
-
More By This Creator
Popular Quizzes Today
1
Find the US States - No Outlines Minefield
2
Colored Red Africa Blitz
3
Find the 'City' Movie
4
5x2 Blitz: Bands
5
The Countries of the World
6
Find the Countries of Europe - No Outlines Minefield
7
Find the US States
8
US States
More Sports Quizzes
Premier League All-Time Goalkeepers by Club
Published
Trending Quizzes
Colored Red Europe Blitz I
Colored Red Africa Blitz II
Colored Red Europe Blitz II
Even More Two Season TV Shows
Colored Red Africa Blitz III
Recently Updated
March Madness Men's Triple Doubles
pecheneg
How Do You Spell That?
pecheneg
Godzilla Movies
pecheneg
Grab Bag: 4-10 Letters
pecheneg
2024 March Madness Bracket
pecheneg
Famous TV Couples
Peacemaker
Champions League XIs: Real Madrid
pecheneg
Largest US Cities 1790-2010
pecheneg
Rides in Walt Disney World
pecheneg
Most Oscar Losses (Acting)
pecheneg
Trending Topics
Anime
Disney
Harry Potter
Crossword
Marvel
Kpop
NBA
Song
NFL
The Office
Soccer
Pokémon
Puzzle
WWE
Country
Your Account Isn't Verified!
In order to create a playlist on Sporcle, you need to verify the email address you used during registration. Go to your
Sporcle Settings
to finish the process.
Report this User
Report this user for behavior that violates our
Community Guidelines
.
Details:
Send Report
Go to the Sporcle.com Mobile Site →
Comments